000 00302nam a22001217a 4500
008 171124b xxu||||| |||| 00| 0 eng d
041 _aeng
080 _26 ED
_a91
100 _a43
101 _aGJE
245 _aHUMAN GEOGRAPHY PLACES REGIONS IN GLOBAL CONTEXT
_cKNOX.P.L
942 _2udc
_cBK
999 _c38439
_d38439